Análisis de la explotacion laboral infantil en colombia / (Registro nro. 3568)
[ vista simple ]
| 000 -LEADER | |
|---|---|
| fixed length control field | 01606nam a2200217 4500 |
| 001 - CONTROL NUMBER | |
| control field | 0000010895 |
| 005 - DATE AND TIME OF LATEST TRANSACTION | |
| control field | 20250329165426.0 |
| 008 - FIXED-LENGTH DATA ELEMENTS--GENERAL INFORMATION | |
| fixed length control field | 180709s2018 000 0 eng d |
| 040 ## - CATALOGING SOURCE | |
| Original cataloging agency | CO-CtgCURN |
| Language of cataloging | spa |
| Transcribing agency | coctgcurn |
| 082 0# - DEWEY DECIMAL CLASSIFICATION NUMBER | |
| Classification number | DER 2018 |
| Item number | B292 |
| 100 1# - MAIN ENTRY--PERSONAL NAME | |
| Personal name | Bartolo Ladino, Eduard Yamid. |
| 245 10 - TITLE STATEMENT | |
| Title | Análisis de la explotacion laboral infantil en colombia / |
| Statement of responsibility, etc. | Eduard Yamid Bartolo Ladino; Wilton Cesar Leiton Henao. |
| 260 ## - PUBLICATION, DISTRIBUTION, ETC. | |
| Place of publication, distribution, etc. | Cartagena de Indias : |
| Name of publisher, distributor, etc. | Corporacion Universitaria Rafael Nuñez, |
| Date of publication, distribution, etc. | 2018. |
| 504 ## - BIBLIOGRAPHY, ETC. NOTE | |
| Bibliography, etc. note | Trabajo de grado (Derecho). Corporacion Universitaria Rafael Nuñez. Facultad de Ciencias de Sociales y Humanas. Derecho, 2018. |
| 520 ## - SUMMARY, ETC. | |
| Summary, etc. | Cuando hablamos de explotacion laboral, nos referimos a aquel trabajo que se produce bajo una serie de situaciones y condiciones no aptas para su desarrollo, como por ejemplo cuando la remuneracion o contraprestacion no es equivalente al trabajo realizado, o en muchos casos el trabajo extra no remunerado, es decir aquel que esta por fuera de la jornada laboral legalmente establecida. Dentro de otras modalidades de explotacion laboral encontramos, trabajar horas seguidas sin descanso alguno, asi mismo el trabajo en dias festivos no remunerados. |
| 650 #0 - SUBJECT ADDED ENTRY--TOPICAL TERM | |
| Topical term or geographic name entry element | Derecho |
| Form subdivision | Tesis y disertaciones academicas. |
| 700 1# - ADDED ENTRY--PERSONAL NAME | |
| Personal name | Leiton Henao, Wilton Cesar. |
| 856 ## - ELECTRONIC LOCATION AND ACCESS | |
| Uniform Resource Identifier | <a href="https://unicurn.sharepoint.com/:b:/s/biblioteca/EZb-3FzdFa1DijPP9kXOwxoB22pZizcorJXfyNuPf_qJtw?e=31gjbs">https://unicurn.sharepoint.com/:b:/s/biblioteca/EZb-3FzdFa1DijPP9kXOwxoB22pZizcorJXfyNuPf_qJtw?e=31gjbs</a> |
| Public note | Click aqui para ver el recurso en texto completo |
| 942 ## - ADDED ENTRY ELEMENTS (KOHA) | |
| Source of classification or shelving scheme | Dewey Decimal Classification |
| Koha item type | Trabajos de grado |
| Classification part | DER 2018 |
| Item part | B292 |
| Withdrawn status | Lost status | Source of classification or shelving scheme | Damaged status | Not for loan | Home library | Current library | Shelving location | Date acquired | Source of acquisition | Cost, normal purchase price | Inventory number | Total checkouts | Full call number | Barcode | Date last seen | Copy number | Price effective from | Koha item type |
|---|---|---|---|---|---|---|---|---|---|---|---|---|---|---|---|---|---|---|
| Dewey Decimal Classification | Miguel Henríquez Castañeda | Miguel Henríquez Castañeda | Trabajo de grado | 03/29/2025 | El autor | 350000.00 | 022226 | DER 2018 B292 | 022226 | 07/09/2018 | 1 | 07/09/2018 | Trabajos de grado |